<?xml version="1.0" encoding="UTF-8"?>
<record
    xmlns:xsi="http://www.w3.org/2001/XMLSchema-instance"
    xsi:schemaLocation="http://www.loc.gov/MARC21/slim http://www.loc.gov/standards/marcxml/schema/MARC21slim.xsd"
    xmlns="http://www.loc.gov/MARC21/slim">

  <leader>00823nam a2200229 a 4500</leader>
  <controlfield tag="001">BRL_638</controlfield>
  <controlfield tag="005">20190320210830.0</controlfield>
  <controlfield tag="008">170913s1992----sp-a######---#000-i#cat-#</controlfield>
  <datafield tag="041" ind1=" " ind2=" ">
    <subfield code="a">cat</subfield>
  </datafield>
  <datafield tag="044" ind1=" " ind2=" ">
    <subfield code="a">sp</subfield>
  </datafield>
  <datafield tag="050" ind1=" " ind2="4">
    <subfield code="a">PN2782</subfield>
    <subfield code="b">.F47 1992</subfield>
  </datafield>
  <datafield tag="111" ind1="2" ind2=" ">
    <subfield code="a">Festival d&#xB4;Elx de Teatre i M&#xFA;sica Medieval</subfield>
    <subfield code="n">2</subfield>
    <subfield code="d">28 de octubre al 1 de noviembre</subfield>
    <subfield code="c">Valencia</subfield>
    <subfield code="9">24490</subfield>
  </datafield>
  <datafield tag="245" ind1="1" ind2="0">
    <subfield code="a">II Festival D&#xB4;Elx de Teatre I M&#xFA;sica Medieval, (28 d&#xB4;octubre a I de novembre 1992)</subfield>
  </datafield>
  <datafield tag="260" ind1=" " ind2=" ">
    <subfield code="a">Valencia</subfield>
    <subfield code="b">Ajuntament D&#xB4;elx</subfield>
    <subfield code="c">1992</subfield>
  </datafield>
  <datafield tag="300" ind1=" " ind2=" ">
    <subfield code="a">53 p.</subfield>
    <subfield code="b">il. (algunas a color)</subfield>
    <subfield code="c">34 cm.</subfield>
  </datafield>
  <datafield tag="500" ind1=" " ind2=" ">
    <subfield code="a">Au650</subfield>
  </datafield>
  <datafield tag="650" ind1="1" ind2="4">
    <subfield code="a">Teatro</subfield>
    <subfield code="v">Congresos</subfield>
    <subfield code="x">Historia</subfield>
    <subfield code="y">Medieval, 500-1500</subfield>
    <subfield code="z">Espa&#xF1;a</subfield>
    <subfield code="9">24491</subfield>
  </datafield>
  <datafield tag="650" ind1="1" ind2="4">
    <subfield code="a">Teatro medieval</subfield>
    <subfield code="v">Congresos</subfield>
    <subfield code="x">Historia y cr&#xED;tica</subfield>
    <subfield code="9">24492</subfield>
  </datafield>
  <datafield tag="650" ind1="1" ind2="4">
    <subfield code="a">M&#xFA;sica medieval</subfield>
    <subfield code="v">Congresos</subfield>
    <subfield code="z">Espa&#xF1;a</subfield>
    <subfield code="9">24493</subfield>
  </datafield>
  <datafield tag="902" ind1=" " ind2=" ">
    <subfield code="a">GRL</subfield>
  </datafield>
  <datafield tag="942" ind1=" " ind2=" ">
    <subfield code="2">lcc</subfield>
    <subfield code="c">B</subfield>
  </datafield>
  <datafield tag="999" ind1=" " ind2=" ">
    <subfield code="c">9450</subfield>
    <subfield code="d">9450</subfield>
  </datafield>
  <datafield tag="952" ind1=" " ind2=" ">
    <subfield code="0">0</subfield>
    <subfield code="1">0</subfield>
    <subfield code="4">0</subfield>
    <subfield code="7">0</subfield>
    <subfield code="a">BRL</subfield>
    <subfield code="b">BRL</subfield>
    <subfield code="d">2013-09-13</subfield>
    <subfield code="i">Au650</subfield>
    <subfield code="l">0</subfield>
    <subfield code="o">PN2782 .F47 1992 (Au650)</subfield>
    <subfield code="p">GRL00706</subfield>
    <subfield code="r">2019-03-22 00:00:00</subfield>
    <subfield code="w">2019-03-22</subfield>
    <subfield code="y">B</subfield>
  </datafield>
</record>
